Цепной плазмохимический синтез кристаллических нанодисперсных фотокатализаторов; Современные техника и технологии; Т. 3

Podrobná bibliografie
Parent link:Современные техника и технологии: сборник трудов XVI Международной научно-практической конференции студентов, аспирантов и молодых ученых, Томск, 12-16 апреля 2010 г/ Национальный исследовательский Томский политехнический университет (ТПУ).— , 2010
Т. 3.— 2010.— [С. 391-392]
Hlavní autor: Гриняева Е. А. Евгения Алексеевна
Další autoři: Кочкоров Б. Ш. Болотбек Шакирович (научный руководитель), Холодная Г. Е. Галина Евгеньевна, Сазонов Р. В.
Shrnutí:Заглавие с титульного листа
Электронная версия печатной публикации
Jazyk:ruština
Vydáno: 2010
Témata:
On-line přístup:http://www.lib.tpu.ru/fulltext/c/2010/C01/V1/186.pdf
Médium: MixedMaterials Elektronický zdroj Kapitola
KOHA link:https://koha.lib.tpu.ru/cgi-bin/koha/opac-detail.pl?biblionumber=236965

MARC

LEADER 00000naa2a2200000 4500
001 236965
005 20260421153851.0
035 |a (RuTPU)RU\TPU\book\258134 
035 |a RU\TPU\book\258132 
090 |a 236965 
100 |a 20130507d2010 k y0rusy50 ca 
101 0 |a rus 
102 |a RU 
135 |a drnn ---uucaa 
181 0 |a i  
182 0 |a b 
200 1 |a Цепной плазмохимический синтез кристаллических нанодисперсных фотокатализаторов  |f Е. А. Гриняева, Б. Ш. Кочкоров, Г. Е. Холодная  |g науч. рук. Р. В. Сазонов 
203 |a Текст  |c электронный 
215 |a 1 файл (330 Кб) 
300 |a Заглавие с титульного листа 
300 |a Электронная версия печатной публикации 
337 |a Adobe Reader 
461 1 |0 (RuTPU)RU\TPU\book\245271  |t Современные техника и технологии  |o сборник трудов XVI Международной научно-практической конференции студентов, аспирантов и молодых ученых, Томск, 12-16 апреля 2010 г  |o в 3 т.  |f Национальный исследовательский Томский политехнический университет (ТПУ)  |d 2010 
463 1 |0 (RuTPU)RU\TPU\book\255783  |t Т. 3  |v [С. 391-392]  |d 2010 
610 1 |a электронный ресурс 
610 1 |a труды учёных ТПУ 
610 1 |a фотокатализаторы 
610 1 |a кристаллические вещества 
610 1 |a нанодисперсные материалы 
610 1 |a плазмохимический синтез 
610 1 |a композиционные структуры 
610 1 |a порошки 
610 1 |a диоксид титана 
610 1 |a диоксид кремния 
610 1 |a экспериментальные характеристики 
610 1 |a схемы 
700 1 |a Гриняева  |b Е. А.  |c российский ученый, специалист в области кристаллографии  |c аспирант Томского политехнического университета  |f 1985-  |g Евгения Алексеевна  |3 (RuTPU)RU\TPU\pers\27897 
701 1 |a Кочкоров  |b Б. Ш.  |c специалист в области физики высоких технологий  |c техник Томского политехнического университета  |f 1986-  |g Болотбек Шакирович  |3 (RuTPU)RU\TPU\pers\30742 
701 1 |a Холодная  |b Г. Е.  |c электрофизик  |c младший научный сотрудник Томского политехнического университета, кандидат технических наук  |f 1986-  |g Галина Евгеньевна  |3 (RuTPU)RU\TPU\pers\27929  |9 12932 
702 1 |a Сазонов  |b Р. В.  |4 727 
801 1 |a RU  |b 63413507  |c 20130213 
801 2 |a RU  |b 63413507  |c 20130507  |g RCR 
856 4 |u http://www.lib.tpu.ru/fulltext/c/2010/C01/V1/186.pdf 
942 |c CF